Obálka Náhled e-knihy:
PDF Epub
Pro půjčování e-knih musíte být přihlášeni.
Jak si půjčit online?

Sladkobol /

Román o knihách, přátelství, velké lásce a o tom, že ne všechny sny by se měly vyplnit.

Uloženo v:
Hlavní autor: Williams, Hattie (Autor)
Další autoři: Hamari, Agáta (Autor)
Médium: E-kniha
Jazyk:Czech
Vydáno: Brno : Host, 2026
Vydání:První vydání
Témata:
Tagy:
Žádné tagy
LEADER 02634nam a2200409 i 4500
001 312937
003 CZ PrSKC
005 20260601215731.0
007 ta
008 260324s2026 xr g 000 f cze
015 |a cnb003741986 
020 |a 9788027527946  |q (vázáno) 
040 |a ABG001  |b cze  |d ABA001  |e rda 
041 1 |a cze  |h eng 
072 7 |a 821.111-3  |x Anglická próza, anglicky psaná  |2 Konspekt 
080 |a 821.111-31  |2 MRF 
080 |a (0:82-31)  |2 MRF 
100 1 |a Williams, Hattie  |7 xx0343286  |4 aut 
240 1 0 |a Bitter sweet.  |l Česky 
245 1 0 |a Sladkobol /  |c Hattie Williamsová ; přeložila Agáta Hamari 
250 |a První vydání 
264 1 |a Brno :  |b Host,  |c 2026 
300 |a 379 stran ;  |c 21 cm 
336 |a text  |b txt  |2 rdacontent 
337 |a bez média  |b n  |2 rdamedia 
338 |a svazek  |b nc  |2 rdacarrier 
500 |a Přeloženo z angličtiny 
520 2 |a Román o knihách, přátelství, velké lásce a o tom, že ne všechny sny by se měly vyplnit.  |b Charlie je třiadvacet, je single, bydlí s kamarády a začala pracovat jako asistentka v nezávislém londýnském nakladatelství. Richardovi je šestapadesát, je ženatý, má luxusní byt v Londýně i sídlo na venkově a jeho romány ovlivnily celou generaci. I pro Charlie znamená Richard mnoho -- kromě literárního vzoru také připomínku zesnulé matky, která jeho knihy milovala. Když se tihle dva poprvé setkají, přeskočí jiskra. A Charlie ohromeně sleduje, jak se z ní stává plamen -- žhavý, silný a všepohlcující. Od začátku chápe, že tenhle vztah nebude snadný a že mu bude muset hodně obětovat. Neustálé tajnosti, skrývání se, mlžení i před nejbližšími přáteli. Mezi ní a Richardem však panuje výjimečné pouto. Oni dva jsou přece něco víc než jen mladičká dívka ohromená aurou slavného muže a spisovatel poblázněný fanynkou plnou obdivu. Nebo ne? Nakladatelská anotace. Kráceno. 
655 7 |a anglické romány  |7 fd131814  |2 czenas 
655 9 |a English fiction  |2 eczenas 
700 1 |a Hamari, Agáta  |7 xx0232633  |4 trl 
710 2 |a Host (vydavatelství)  |7 ko2003163544  |4 pbl 
900 |a ABA001  |b 20 
044 |a xr 
910 |a RBIT002 
998 |d 425827  |a https://core.palmknihy.cz/api/books/425827/cover?tccf5l  |b https://core.palmknihy.cz/api/books/425827/cover/400?tccf5l  |c https://core.palmknihy.cz/api/books/425827/cover/50?tccf5l  |e 2030-02-28  |g 383  |i 9788027527946  |j https://core.palmknihy.cz/api/books/425827/preview.epub  |k https://core.palmknihy.cz/api/books/425827/preview.pdf  |l   |q 49  |r 1  |s https://www.palmknihy.cz/kniha/425827  |t ebook  |y 2026  |z 0 
999 |d 312935